L'explorateur - Vaïana (Paroles) - Statistiques

Statistiques générales
  • Ce quiz a été pris 148 fois
  • Le résultat moyen est 76 sur 136
Statistiques - réponses
Paroles % Correct
le
88%
Le
88%
e
85%
E
85%
J'ai
84%
o
83%
mo
82%
i
81%
je
81%
Je
81%
la
81%
mon
81%
de
80%
me
79%
79%
Et
78%
et
78%
sur
77%
plus
75%
beau
74%
ciel
74%
qui
72%
sais
72%
suis
72%
d'où
71%
île
71%
que
71%
sera
71%
voyage
71%
reviendrais
69%
j'aille
68%
prochain
68%
destin
67%
soleil
67%
choisis
66%
du
66%
l'océan
66%
une
66%
apprivoisé
65%
douceur
65%
Quand
65%
viens
65%
étoile
64%
vent
64%
mer
62%
Tu
62%
glisser
60%
J'aime
60%
sourit
59%
Explorateur
58%
savoir
58%
gardien
57%
mémoire
57%
sagesse
57%
Te
55%
te
55%
Transmets
54%
histoire
53%
Jamais
51%
légendes
49%
mes
49%
n'oublie
49%
raconte
48%
Na
35%
mai
32%
Aue
22%
aue
22%
malie
20%
Tatou
20%
tataki
17%
tele
16%
fenua
15%
Tapenapena
15%
manulele
13%
mua
13%
Nuku
13%
sami
13%
ko
12%
Nae
12%
atua
11%
folau
11%
vala'auina
11%
kaiga
9%
tagata
9%
hakilia
8%
lu'itau
8%
heko
7%
ava'e
6%
lelei
6%
Aucun quiz correspondant
Distribution des résultats
% des personnes avec chaque résultat
Percentile par nombre de réponses
Votre historique - résultats
Vous n’avez pas pris ce quiz